| 000 | 00320nam a22001217a 4500 | ||
|---|---|---|---|
| 999 |
_c66759 _d66756 |
||
| 082 | _aR/3ME17 | ||
| 100 |
_aMuhammad Hassan _a17ME39 |
||
| 245 | _aPerformance Analysis of a Madified Savonius Rotor | ||
| 260 |
_aNawabshah _bQUEST _c2020 |
||
| 300 | _a58 | ||
| 700 | _aDepartment of Mechanical Engineering | ||
| 942 | _cTHESIS | ||